Učitavanje...
Management Information Systems
| Glavni autor: | |
|---|---|
| Daljnji autori: | |
| Format: | Printed Book |
| Jezik: | Undetermined English |
| Izdano: |
New Delhi
Tata Mc Graw -Hill Publishing Company Limited
2007
|
| Teme: |
| LEADER | 00678nam a2200205Ia 4500 | ||
|---|---|---|---|
| 008 | 140306s9999 xx 000 0 und d | ||
| 020 | |a 9780070620032 | ||
| 041 | |a eng | ||
| 082 | |a 658.4038 |b JAM/MA | ||
| 100 | |a George, M.Marakas | ||
| 245 | |a Management Information Systems | ||
| 260 | |a New Delhi |b Tata Mc Graw -Hill Publishing Company Limited |c 2007 | ||
| 300 | |a 617 | ||
| 365 | |b Rs. 450/- | ||
| 650 | |a Data Resource Management | ||
| 650 | |a Electronic Commerce Systems | ||
| 700 | |a James, A.O'Brien | ||
| 942 | |2 ddc |c BK | ||
| 999 | |c 187215 |d 187215 | ||
| 952 | |0 0 |1 0 |2 ddc |4 0 |6 658_403800000000000_JAM_MA |7 0 |9 193301 |a KAUCBV |b KAUCBV |g 450.00 |o 658.4038 JAM/MA |r 2014-03-22 |w 2014-03-22 |y BK | ||